[Event "Panama op 3rd"]
[Site "Panama City"]
[Date "2013.11.02"]
[Round "3"]
[White "Neira Rodriguez, Carlos Fernando"]
[Black "Vilela de Acuna, Jose Luis"]
[Result "0-1"]
[WhiteElo "1876"]
[BlackElo "2323"]
[PlyCount "114"]
[EventDate "2013.10.30"]
[EventType "swiss"]
[EventRounds "9"]
[EventCountry "PAN"]
[SourceTitle "EXT 2014"]
[Source "ChessBase"]
[SourceDate "2013.11.20"]
[SourceVersion "1"]
[SourceVersionDate "2013.11.20"]
[SourceQuality "1"]

1. d4 Nf6 2. Bg5 c5 3. Bxf6 gxf6 4. d5 Qb6 5. Qc1 f5 6. e3 Bg7 7. c3 d6 8. Nd2 Nd7 9. Nc4 Qc7 10. a4 Nf6 11. Qd1 0-0 12. Ne2 Rd8 13. Nf4 e6 14. Be2 Nxd5 15. Nxd5 exd5 16. Qxd5 Be6 17. Qf3 d5 18. Na3 Qb6 19. Nb5 a6 20. a5 Qc6 21. Na3 Qa4 22. 0-0 Qxa5 23. Bd3 Qb6 24. Rab1 Rac8 25. Bxf5 Bxf5 26. Qxf5 Qg6 27. Qxg6 hxg6 28. Nc2 d4 29. exd4 cxd4 30. Nxd4 Bxd4 31. cxd4 Rxd4 32. g3 Rb4 33. f4 Rc2 34. Rf2 Rxf2 35. Kxf2 Rb3 36. Ke2 Kg7 37. Kd2 Kf6 38. Kc2 Rf3 39. Rd1 Rf2+ 40. Rd2 Rxd2+ 41. Kxd2 Kf5 42. Ke3 Kg4 43. Ke4 Kh3 44. f5 gxf5+ 45. Kxf5 Kxh2 46. g4 Kg3 47. g5 Kh4 48. Kf6 b5 49. Kxf7 Kxg5 50. Ke6 Kf4 51. Kd5 Ke3 52. Kc5 Kd3 53. Kb4 Kc2 54. Ka3 a5 55. Ka2 b4 56. Ka1 a4 57. Ka2 a3 0-1